आधुनिक जहिरातशास्र (Record no. 369767)

MARC details
000 -LEADER
fixed length control field 00405nam a22001457a 4500
005 - DATE AND TIME OF LATEST TRANSACTION
control field 20260108140920.0
008 - FIXED-LENGTH DATA ELEMENTS--GENERAL INFORMATION
fixed length control field 260108b |||||||| |||| 00| 0 eng d
020 ## - INTERNATIONAL STANDARD BOOK NUMBER
International Standard Book Number 978-93-92204-90-6
100 ## - MAIN ENTRY--PERSONAL NAME
Author सेवेकर, सुधीर
245 ## - TITLE STATEMENT
Title आधुनिक जहिरातशास्र
250 ## - EDITION STATEMENT
Edition statement 1st ed.
260 ## - PUBLICATION, DISTRIBUTION, ETC.
Place of publication, distribution, etc. Aurangabad
Name of publisher, distributor, etc. Vidya Books
300 ## - PHYSICAL DESCRIPTION
Extent 314
942 ## - ADDED ENTRY ELEMENTS (KOHA)
Koha item type Reference book
Holdings
Withdrawn status Lost status Source of classification or shelving scheme Damaged status Not for loan Home library Current library Date acquired Vendor Cost, normal purchase price Bill number Total Checkouts Barcode Date last seen Bill Date Koha item type Original Barcode
    Dewey Decimal Classification     Shri Siddhivinayak Mahila Mahavidyalaya Shri Siddhivinayak Mahila Mahavidyalaya 08/01/2026 Vidya Books 520.00 65057   SSMM-BK-33733 08/01/2026 15/12/2025 Reference book 010033733
    Dewey Decimal Classification     Shri Siddhivinayak Mahila Mahavidyalaya Shri Siddhivinayak Mahila Mahavidyalaya 08/01/2026 Vidya Books 520.00 65057   SSMM-BK-33734 08/01/2026 15/12/2025 Reference book 010033734